[Event "Szachowe Lato Poznan 2011, OPEN"]
[Site "WSUS, Poznan"]
[Date "2011.??.22"]
[Round "7.1"]
[White "Tomczak, Jacek"]
[Black "Moranda, Wojciech"]
[Result "0-1"]
[WhiteElo "2548"]
[BlackElo "2586"]
[PlyCount "64"]
[EventDate "2011.??.??"]

1. e4 c5 2. Nf3 d6 3. d4 cxd4 4. Nxd4 Nf6 5. Nc3 a6 6. Bc4 e6 7. Bb3 Nbd7 8.
O-O Nc5 9. Qe2 Be7 10. f4 O-O 11. Kh1 Qc7 12. e5 Nxb3 13. axb3 Ne8 14. Bd2 Bd7
15. Ne4 dxe5 16. fxe5 Qxe5 17. Bc3 Qc7 18. Qh5 f6 19. Rae1 e5 20. Nf5 Bxf5 21.
Qxf5 Qc8 22. Qf3 Qc6 23. Rd1 Nc7 24. Ng3 Qxf3 25. gxf3 Rfd8 26. Nf5 Bf8 27. Ba5
Rxd1 28. Rxd1 Ne6 29. Rd7 Rc8 30. Ne7+ Bxe7 31. Rxe7 Nd4 32. Bc3 b5 0-1

[Event "Szachowe Lato Poznan 2011, OPEN"]
[Site "WSUS, Poznan"]
[Date "2011.??.??"]
[Round "7.2"]
[White "Chojnacki, Krzysztof"]
[Black "Shishkin, Vadim"]
[Result "1-0"]
[WhiteElo "2437"]
[BlackElo "2457"]
[PlyCount "143"]
[EventDate "2011.??.??"]

1. d4 d5 2. c4 e6 3. Nc3 c5 4. cxd5 exd5 5. Nf3 Nc6 6. g3 c4 7. Bg2 Bb4 8. O-O
Nge7 9. e4 dxe4 10. Nxe4 O-O 11. a3 Ba5 12. Ne5 Qxd4 13. Qxd4 Nxd4 14. Nxc4 Bc7
15. Be3 Nb3 16. Rad1 Nf5 17. Ned6 Nxe3 18. Nxe3 Rb8 19. Nxc8 Rfxc8 20. Bd5 Na5
21. b4 Nc6 22. Bxc6 bxc6 23. Nf5 Kf8 24. Rd7 Bb6 25. Rc1 a5 26. Ne7 Rd8 27.
Rxd8+ Rxd8 28. Nxc6 Rd5 29. bxa5 Bxa5 30. Nxa5 Rxa5 31. Ra1 Ra4 32. Kf1 Ke7 33.
Ke2 f5 34. Kd3 f4 35. Kc3 fxg3 36. fxg3 Kd6 37. Kb3 Re4 38. Rc1 h5 39. a4 Re3+
40. Rc3 Re1 41. a5 g5 42. Kb4 Rb1+ 43. Ka4 Ra1+ 44. Ra3 Rh1 45. a6 Kc6 46. a7
Kb7 47. Kb5 Ka8 48. Ra2 h4 49. gxh4 gxh4 50. Kc5 Rd1 51. Ra4 h3 52. Ra3 Rd2 53.
Rxh3 Kxa7 54. Rh8 Kb7 55. h4 Rh2 56. h5 Kc7 57. h6 Rh1 58. Kd5 Rd1+ 59. Ke5
Re1+ 60. Kf5 Rf1+ 61. Kg6 Rg1+ 62. Kh7 Kd7 63. Rg8 Rh1 64. Rg6 Re1 65. Rf6 Rg1
66. Rg6 Re1 67. Kg7 Re7+ 68. Kf6 Re6+ 69. Kf5 Re1 70. h7 Rh1 71. Rg7+ Kd6 72.
Kf6 1-0

[Event "Szachowe Lato Poznan 2011, OPEN"]
[Site "WSUS, Poznan"]
[Date "2011.??.22"]
[Round "7.3"]
[White "Urban, Klaudiusz"]
[Black "Bernat, Marcin"]
[Result "1-0"]
[WhiteElo "2456"]
[BlackElo "2138"]
[PlyCount "112"]
[EventDate "2011.??.??"]

1. Nf3 Nf6 2. c4 e6 3. g3 d5 4. Bg2 Be7 5. O-O O-O 6. d4 dxc4 7. Qc2 Bd7 8.
Qxc4 Bc6 9. Nc3 Nbd7 10. Rd1 Nb6 11. Qd3 Nbd5 12. Bg5 Nxc3 13. bxc3 Be4 14. Qe3
Bd5 15. Qc1 h6 16. Bxf6 Bxf6 17. c4 Bxf3 18. Bxf3 Rb8 19. Rb1 c6 20. e3 Qc7 21.
h4 Rfd8 22. h5 Qa5 23. Qc2 Qa6 24. Rd3 Be7 25. Rdb3 b5 26. cxb5 cxb5 27. Qe2
Rd6 28. Rxb5 Rdb6 29. Rxb6 Rxb6 30. Rxb6 Qxb6 31. Qc2 a5 32. Qc8+ Qd8 33. Qc6
Qd6 34. Qe8+ Bf8 35. a4 Qe7 36. Qc6 Qd6 37. Qc3 Qb4 38. Qc2 Qd6 39. Qc3 Qb4 40.
Qc6 Qd6 41. Qa8 Qb4 42. Bc6 Qe1+ 43. Kg2 Qb4 44. Bb5 Qc3 45. Qe4 Qb3 46. Be8
Qb4 47. Kh3 Qa3 48. Bb5 Qb3 49. Kg2 Qa2 50. Bd3 f6 51. Qc6 Qd5+ 52. Qxd5 exd5
53. Bg6 Bb4 54. Be8 Kf8 55. Bc6 Ke7 56. Bxd5 Kd6 1-0

[Event "Szachowe Lato Poznan 2011, OPEN"]
[Site "WSUS, Poznan"]
[Date "2011.??.22"]
[Round "7.4"]
[White "Sliwerski, Radoslaw"]
[Black "Szelag, Marcin"]
[Result "1-0"]
[WhiteElo "2174"]
[BlackElo "2478"]
[PlyCount "69"]
[EventDate "2011.??.??"]

1. d4 Nf6 2. c4 g6 3. g3 Bg7 4. Bg2 d5 5. cxd5 Nxd5 6. e4 Nb6 7. Ne2 c5 8. d5
e6 9. O-O O-O 10. Nec3 Na6 11. Na3 exd5 12. exd5 Bf5 13. Be3 Qd7 14. Qd2 Rac8
15. Rfd1 Nb4 16. Ne4 Bxe4 17. Bxe4 Na4 18. Rab1 Nxa2 19. d6 c4 20. Nxc4 Rxc4
21. Bd5 Rb4 22. Bxa2 a5 23. Qd5 Rb5 24. Qe4 Re5 25. Qd3 Rd8 26. b4 Rxe3 27.
fxe3 Nc3 28. Rbc1 Nxa2 29. Rc7 Qe6 30. Re7 Nxb4 31. Qb5 Qg4 32. Rf1 Nc6 33.
Qxb7 Rxd6 34. Re8+ Bf8 35. Qxf7+ 1-0

[Event "Szachowe Lato Poznan 2011, OPEN"]
[Site "WSUS, Poznan"]
[Date "2011.??.??"]
[Round "7.5"]
[White "Musialkiewicz, Jan"]
[Black "Wesolowski, Edgar"]
[Result "1-0"]
[WhiteElo "2150"]
[BlackElo "1983"]
[PlyCount "55"]
[EventDate "2011.??.??"]

1. d4 d5 2. c4 e6 3. Nc3 c6 4. Nf3 dxc4 5. a4 Bb4 6. e3 b5 7. Bd2 a5 8. Rb1 Bd7
9. Ne5 Nf6 10. Qf3 Bxc3 11. bxc3 Ra7 12. Nxd7 Qxd7 13. Bxc4 Rb7 14. axb5 cxb5
15. O-O Nd5 16. Bd3 O-O 17. Qh3 f5 18. e4 Ne7 19. Bg5 Nc8 20. exf5 exf5 21.
Rfe1 g6 22. Re5 Re8 23. Rbe1 Rxe5 24. Rxe5 h5 25. Qe3 Na6 26. Re8+ Kf7 27. Rh8
Qc6 28. Qe5 1-0

[Event "Szachowe Lato Poznan 2011, OPEN"]
[Site "WSUS, Poznan"]
[Date "2011.??.??"]
[Round "7.6"]
[White "Rusinski, Mateusz"]
[Black "Bartkowiak, Damian"]
[Result "0-1"]
[WhiteElo "1899"]
[BlackElo "2123"]
[PlyCount "76"]
[EventDate "2011.??.??"]

1. d4 d5 2. c4 e6 3. Nc3 f5 4. g3 Nf6 5. Bg2 c6 6. Bg5 Bd6 7. e3 O-O 8. Nge2
Qe8 9. Bxf6 Rxf6 10. c5 Bc7 11. b4 e5 12. dxe5 Bxe5 13. Nd4 f4 14. O-O fxg3 15.
fxg3 Na6 16. a3 Rxf1+ 17. Kxf1 Nc7 18. Ra2 Bf6 19. e4 b6 20. cxb6 axb6 21. exd5
Ba6+ 22. Kf2 Qe5 23. Nde2 Bc4 24. d6 Bxa2 25. dxc7 Be6 26. Bxc6 Rc8 27. Nd5
Bxd5 28. Qxd5+ Kh8 29. Nf4 Rxc7 30. Ne6 Qxd5 31. Bxd5 Ra7 32. h4 Rxa3 33. b5
Be5 34. Bf3 Rb3 35. Ng5 Rxb5 36. Nf7+ Kg8 37. Be2 Rc5 38. Ng5 Rc3 0-1

[Event "Szachowe Lato Poznan 2011, OPEN"]
[Site "WSUS, Poznan"]
[Date "2011.??.??"]
[Round "7.7"]
[White "Warchol, Maria"]
[Black "Stachowiak, Slawomir"]
[Result "0-1"]
[WhiteElo "1820"]
[BlackElo "2023"]
[PlyCount "83"]
[EventDate "2011.??.??"]

1. e4 e5 2. Nf3 Nc6 3. Bc4 Be7 4. d3 Nf6 5. Be3 O-O 6. Nbd2 a6 7. c3 d6 8. O-O
Na5 9. a4 Nxc4 10. Nxc4 b6 11. d4 Nxe4 12. dxe5 d5 13. Ncd2 Nxd2 14. Qxd2 Re8
15. Rfe1 Bb7 16. Nd4 Qd7 17. Bf4 Bf8 18. Qe3 c5 19. e6 fxe6 20. Nxe6 Qf7 21.
Qh3 Bc8 22. Ng5 Bxh3 23. Nxf7 Kxf7 24. gxh3 Rxe1+ 25. Rxe1 Re8 26. Re3 b5 27.
axb5 axb5 28. Rxe8 Kxe8 29. Kg2 Kd7 30. Kf3 Ke6 31. Ke3 Be7 32. Bg3 Bf6 33. f3
d4+ 34. Kd2 Kd5 35. cxd4 c4 36. Kc2 Bxd4 37. Be1 Kc6 38. b3 Kd5 39. bxc4+ Kxc4
40. Bd2 b4 41. Bf4 b3+ 42. Kb1 0-1

[Event "Szachowe Lato Poznan 2011, OPEN"]
[Site "WSUS, Poznan"]
[Date "2011.??.22"]
[Round "7.8"]
[White "Bajerlein, Dawid"]
[Black "Chojnacki, Tomasz"]
[Result "1-0"]
[WhiteElo "2016"]
[BlackElo "1874"]
[PlyCount "163"]
[EventDate "2011.??.??"]

1. d4 d5 2. c4 e6 3. Nc3 Be7 4. Nf3 Nf6 5. Bg5 h6 6. Bh4 O-O 7. e3 b6 8. Be2
Bb7 9. Bxf6 Bxf6 10. cxd5 exd5 11. b4 c6 12. O-O Qd6 13. Rb1 Nd7 14. Qd2 Rfe8
15. Rfd1 b5 16. a4 a6 17. a5 g6 18. Ne1 Bg7 19. Nd3 Rad8 20. Rbc1 Nf6 21. Bf3
Bc8 22. Nc5 Nd7 23. Ne2 f5 24. Nf4 Kh7 25. Nfd3 g5 26. g3 Nf8 27. Rc2 Ne6 28.
Rdc1 f4 29. Nxe6 fxe3 30. Nxg5+ hxg5 31. fxe3 Bd7 32. Nc5 Rf8 33. Be2 Rf6 34.
Bd3+ Kg8 35. Nb7 Qe7 36. Nxd8 Qxd8 37. Rf1 Re6 38. Bf5 Be8 39. Qd3 Qe7 40. Rcf2
Kh8 41. Kg2 Rh6 42. Qe2 Qd6 43. Bb1 Bd7 44. Bf5 Be8 45. Qe1 Qe7 46. Rf3 Qd6 47.
Qc3 Bh5 48. R3f2 Be8 49. Qc5 Bf8 50. Qxd6 Bxd6 51. Rb1 Rf6 52. e4 dxe4 53. Bxe4
Re6 54. Bf3 Kg7 55. Re2 Rxe2+ 56. Bxe2 Bg6 57. Rb2 Kf6 58. Bf3 Be8 59. Be4 Bd7
60. Kf3 Ke7 61. g4 Kf6 62. h3 Be7 63. Ke3 Bd6 64. Kd3 Ke7 65. Bf5 Be8 66. Kc3
Bf7 67. Re2+ Kd8 68. h4 gxh4 69. g5 Bd5 70. g6 Bf8 71. Rh2 Be7 72. Bg4 Bf6 73.
Rf2 Ke7 74. Bh3 Bg7 75. Bg2 Bxg2 76. Rxg2 Kf6 77. Rg4 h3 78. Rh4 Kxg6 79. Rxh3
Kf5 80. Re3 Bf6 81. Re8 Kf4 82. Kd3 1-0

[Event "Szachowe Lato Poznan 2011, OPEN"]
[Site "WSUS, Poznan"]
[Date "2011.??.??"]
[Round "7.9"]
[White "Musialkiewicz, Pawel"]
[Black "Kaczmarek, Piotr"]
[Result "1-0"]
[WhiteElo "1961"]
[BlackElo "1848"]
[PlyCount "51"]
[EventDate "2011.??.??"]

1. d4 g6 2. c4 Bg7 3. Nc3 c5 4. d5 d6 5. g3 e5 6. dxe6 Bxe6 7. Nb5 Be5 8. f4
Bxc4 9. Qa4 Bxb5 10. Qxb5+ Qd7 11. Qxd7+ Nxd7 12. fxe5 Nxe5 13. Bg2 O-O-O 14.
Nf3 f6 15. Nxe5 dxe5 16. Be3 b6 17. Rc1 Kb8 18. O-O Rd6 19. Rfd1 Rxd1+ 20. Rxd1
Kc7 21. Bh3 f5 22. Bg5 h6 23. Bd8+ Kc8 24. e4 Rh7 25. exf5 Rd7 26. Bg2 1-0

[Event "Szachowe Lato Poznan 2011, OPEN"]
[Site "WSUS, Poznan"]
[Date "2011.??.??"]
[Round "7.10"]
[White "Jedrzejczak, Przemyslaw"]
[Black "Kaluzny, Wlodzimierz"]
[Result "0-1"]
[WhiteElo "1814"]
[BlackElo "2114"]
[PlyCount "58"]
[EventDate "2011.??.??"]

1. e4 e6 2. d4 d6 3. Nc3 Nf6 4. Be3 Be7 5. f3 O-O 6. Qd2 c6 7. Nge2 Qc7 8. g4
b5 9. a3 a5 10. g5 Ne8 11. Ng3 Ba6 12. Bg2 Nd7 13. h4 Nb6 14. b3 d5 15. Bf4 Qd8
16. Nce2 b4 17. axb4 axb4 18. O-O Nd6 19. e5 Nb5 20. Rf2 Qc7 21. Nh5 Nd7 22.
Nf6+ Kh8 23. Nxd7 Qxd7 24. Ng3 c5 25. dxc5 Bxc5 26. Be3 Qc7 27. f4 d4 28. Bxd4
Bxd4 29. Bxa8 Rxa8 0-1

[Event "Szachowe Lato Poznan 2011, OPEN"]
[Site "WSUS, Poznan"]
[Date "2011.??.??"]
[Round "7.12"]
[White "Glatty, Zbigniew"]
[Black "Szymanski, Leszek"]
[Result "1-0"]
[WhiteElo "1950"]
[BlackElo "1840"]
[PlyCount "88"]
[EventDate "2011.??.??"]

1. d4 Nf6 2. Nf3 e6 3. c4 b6 4. a3 Bb7 5. Nc3 d5 6. cxd5 exd5 7. Bg5 Be7 8. e3
O-O 9. Bd3 Nbd7 10. O-O h6 11. Bh4 Ne4 12. Bxe7 Qxe7 13. Qc2 c5 14. dxc5 Ndxc5
15. Be2 Rac8 16. Rac1 Nxc3 17. Qxc3 Ne4 18. Qd4 Rc7 19. Rxc7 Qxc7 20. Bd3 Rc8
21. g3 Qc5 22. Rd1 Nd6 23. Qxc5 Rxc5 24. Nd2 g6 25. h4 Nc4 26. Nxc4 dxc4 27.
Be2 Bd5 28. e4 Be6 29. f4 Rb5 30. Rb1 a5 31. Kf2 Rc5 32. Ke3 b5 33. Rd1 Kf8 34.
Rd6 Ke7 35. e5 b4 36. Kd4 Rb5 37. axb4 axb4 38. h5 f5 39. hxg6 Rb8 40. g4 fxg4
41. f5 Bg8 42. f6+ Kf8 43. e6 Rc8 44. g7+ Ke8 1-0

[Event "Szachowe Lato Poznan 2011, OPEN"]
[Site "WSUS, Poznan"]
[Date "2011.??.??"]
[Round "7.13"]
[White "Kaczmarczyk, Pawel"]
[Black "Gorniewicz, Oskar"]
[Result "0-1"]
[WhiteElo "1635"]
[BlackElo "1914"]
[PlyCount "74"]
[EventDate "2011.??.??"]

1. e4 d6 2. d4 Nf6 3. Nc3 g6 4. Be3 c6 5. Nf3 b5 6. Bd3 Bg4 7. h3 Bxf3 8. Qxf3
e5 9. dxe5 dxe5 10. Bg5 Bg7 11. Rd1 Nbd7 12. O-O O-O 13. Bxf6 Bxf6 14. Nxb5 Qe7
15. Nc3 Bg7 16. Ne2 Nb6 17. Ng3 c5 18. b3 c4 19. Bxc4 Nxc4 20. bxc4 Rfc8 21.
Qg4 Rxc4 22. Rd7 Qc5 23. Rfd1 Rxc2 24. Rd8+ Bf8 25. Nf5 Rxd8 26. Rxd8 Qxf2+ 27.
Kh2 Qf4+ 28. Qxf4 exf4 29. Nd4 Rxa2 30. e5 Ra6 31. Ne2 Re6 32. Rd5 f6 33. Nxf4
Rxe5 34. Rd7 Re7 35. Nd5 Rxd7 36. Nxf6+ Kf7 37. Nxd7 Bd6+ 0-1

[Event "Szachowe Lato Poznan 2011, OPEN"]
[Site "WSUS, Poznan"]
[Date "2011.??.??"]
[Round "7.14"]
[White "Niekras, Dawid"]
[Black "Jaskowski, Tadeusz"]
[Result "1-0"]
[WhiteElo "1797"]
[BlackElo "1914"]
[PlyCount "59"]
[EventDate "2011.??.??"]

1. e4 e5 2. Nf3 Nc6 3. Bb5 Bc5 4. c3 Qe7 5. O-O a6 6. Bxc6 dxc6 7. d4 exd4 8.
cxd4 Ba7 9. h3 h6 10. Nc3 Be6 11. d5 O-O-O 12. Qb3 cxd5 13. exd5 Bf5 14. Bf4 g5
15. d6 cxd6 16. Nd5 Qd7 17. Qc3+ Qc6 18. Qxh8 Qxd5 19. Rfd1 Ne7 20. Qxh6 Qe4
21. Bxg5 Ng8 22. Qg7 f6 23. Rac1+ Bc5 24. Rxc5+ dxc5 25. Rxd8+ Kxd8 26. Qxg8+
Kd7 27. Bxf6 Kc6 28. Bc3 Kb6 29. Qd8+ Ka7 30. Qc7 1-0

[Event "Szachowe Lato Poznan 2011, OPEN"]
[Site "WSUS, Poznan"]
[Date "2011.??.??"]
[Round "7.15"]
[White "Nawrocki, Przemyslaw"]
[Black "Zak, Pawel"]
[Result "1-0"]
[WhiteElo "2059"]
[BlackElo "1743"]
[PlyCount "73"]
[EventDate "2011.??.??"]

1. d4 f5 2. g3 Nf6 3. c4 g6 4. Bg2 Bg7 5. Nc3 d6 6. Nh3 O-O 7. Nf4 e5 8. dxe5
dxe5 9. Qxd8 Rxd8 10. Nfd5 Nxd5 11. Nxd5 Rd7 12. Bg5 Kf7 13. e4 c6 14. Nc3 Rd4
15. Be3 Rd8 16. Ke2 Be6 17. b3 Nd7 18. Na4 f4 19. Bd2 b5 20. cxb5 cxb5 21. Nc3
a6 22. Rac1 g5 23. Nd5 Bxd5 24. exd5 Rac8 25. Ba5 g4 26. Be4 f3+ 27. Kd3 Re8
28. b4 Nf6 29. Rc6 Nxd5 30. Bxd5+ Ke7 31. Rhc1 Kd7 32. Rc7+ Rxc7 33. Rxc7+ Kd6
34. Rxg7 Rc8 35. Bc7+ Rxc7 36. Rxc7 Kxc7 37. Ke4 1-0

[Event "Szachowe Lato Poznan 2011, OPEN"]
[Site "WSUS, Poznan"]
[Date "2011.??.22"]
[Round "7.16"]
[White "Palasz, Krzysztof"]
[Black "Rozumek, Krzysztof"]
[Result "1-0"]
[WhiteElo "1734"]
[BlackElo "1929"]
[PlyCount "75"]
[EventDate "2011.??.??"]

1. d4 Nf6 2. c4 e5 3. dxe5 Ng4 4. Nf3 Bc5 5. e3 Nc6 6. Nc3 Ngxe5 7. a3 a5 8.
Be2 O-O 9. Nd4 Ne7 10. O-O f5 11. f4 N5g6 12. Kh1 Ra6 13. Rb1 Nc6 14. Nc2 Ra8
15. Qd5+ Kh8 16. Qxc5 Nge7 17. e4 d6 18. Qf2 fxe4 19. Nxe4 Bf5 20. Bf3 Qe8 21.
Ne3 Bg6 22. Bd2 Rxf4 23. Nd5 Rf8 24. Rbe1 Qd7 25. Bc3 Rae8 26. Ng5 Nd8 27. h4
h6 28. Rxe7 Rxe7 29. Nxe7 Qxe7 30. Re1 Qd7 31. Nh3 Bh5 32. Re3 Bg6 33. Qg3 Bf5
34. Nf4 Rf7 35. Bh5 Rf8 36. Bg6 Nc6 37. Bxf5 Rxf5 38. Re8+ 1-0

[Event "Szachowe Lato Poznan 2011, OPEN"]
[Site "WSUS, Poznan"]
[Date "2011.??.??"]
[Round "7.17"]
[White "Cholewa, Maria"]
[Black "Szczepaniak, Artur"]
[Result "1/2-1/2"]
[WhiteElo "1857"]
[BlackElo "1654"]
[PlyCount "61"]
[EventDate "2011.??.??"]

1. e4 e6 2. d4 c5 3. Nf3 cxd4 4. Nxd4 Nc6 5. Be3 Nf6 6. Nd2 d5 7. exd5 Nxd5 8.
Nxc6 Nxe3 9. Nxd8 Nxd1 10. Rxd1 Kxd8 11. Ne4+ Kc7 12. Bc4 Be7 13. O-O Bd7 14.
Rd3 Rad8 15. Rg3 g6 16. Ng5 Bxg5 17. Rxg5 Bc6 18. Rg3 Rd4 19. Rc3 Kb8 20. Re1
Rhd8 21. Bd3 Be4 22. Bxe4 Rxe4 23. Kf1 Rxe1+ 24. Kxe1 Rd7 25. Ke2 Rc7 26. Kd3
Rd7+ 27. Ke2 Rc7 28. Kd3 Rd7+ 29. Ke2 Rc7 30. Kd3 Rd7+ 31. Ke2 1/2-1/2

[Event "Szachowe Lato Poznan 2011, OPEN"]
[Site "WSUS, Poznan"]
[Date "2011.??.22"]
[Round "7.18"]
[White "Pawlicki, Dariusz"]
[Black "Lambucki, Lukasz"]
[Result "1/2-1/2"]
[WhiteElo "1703"]
[BlackElo "1844"]
[PlyCount "86"]
[EventDate "2011.??.??"]

1. d4 Nf6 2. c4 e5 3. dxe5 Ng4 4. Nf3 Bc5 5. e3 Nc6 6. Be2 Ngxe5 7. O-O O-O 8.
Nxe5 Nxe5 9. b3 Re8 10. Bb2 a5 11. a4 d6 12. Nd2 Re6 13. Nf3 Nxf3+ 14. Bxf3 Rh6
15. g3 c6 16. Bg2 Be6 17. Bd4 Bb4 18. e4 f5 19. Be3 Rg6 20. Bf3 h6 21. Bh5 Rf6
22. Bd4 Rf8 23. exf5 Bxf5 24. Bg4 Qd7 25. Bxf5 Qxf5 26. Ra2 Rad8 27. Qc2 c5 28.
Qxf5 Rxf5 29. Be3 d5 30. cxd5 Rfxd5 31. Raa1 Rd3 32. Rab1 Kf7 33. Kg2 R8d5 34.
Rfc1 Ke6 35. Rc4 Rc3 36. Re4+ Kf7 37. Rf4+ Kg8 38. Rg4 Kh7 39. Re4 Rdd3 40. Re5
b6 41. Re6 Rxb3 42. Rxb3 Rxb3 43. Rxb6 Ra3 1/2-1/2

[Event "Szachowe Lato Poznan 2011, OPEN"]
[Site "WSUS, Poznan"]
[Date "2011.??.??"]
[Round "7.20"]
[White "Piechota, Izabela"]
[Black "Kupsik, Joanna"]
[Result "1/2-1/2"]
[WhiteElo "1780"]
[BlackElo "1696"]
[PlyCount "144"]
[EventDate "2011.??.??"]

1. e4 e5 2. f4 d6 3. Nf3 exf4 4. d4 Nf6 5. Nc3 Be7 6. Bxf4 Bg4 7. Bc4 Nc6 8.
O-O O-O 9. h3 Bh5 10. Qd2 Bg6 11. Rac1 Nh5 12. Bh2 h6 13. g4 Nf6 14. Qf2 Nh7
15. Nd5 Ng5 16. Nxg5 Bxg5 17. c3 Na5 18. Bd3 Bh4 19. Bg3 Bxg3 20. Qxg3 Nc6 21.
b4 Ne7 22. Nf4 a6 23. h4 Bh7 24. Rf2 b5 25. Rcf1 Ng6 26. g5 Nxf4 27. Qxf4 h5
28. Bc2 Bg6 29. Bd1 Qe7 30. Bf3 Rae8 31. Re2 f6 32. Qg3 Qf7 33. Kg2 Qc4 34.
gxf6 Rxf6 35. e5 dxe5 36. dxe5 Rfe6 37. Kh2 Kh7 38. Bg2 c5 39. Rd2 cxb4 40.
cxb4 Qxb4 41. Re2 Qd4 42. Bh3 Rc6 43. Rg1 Re7 44. e6 Qd3 45. Re3 Rc2+ 46. Bg2
Qd4 47. a3 a5 48. Kh1 b4 49. axb4 axb4 50. Ba8 Qf6 51. Be4 Bxe4+ 52. Rxe4 Rc3
53. Qf4 Qxf4 54. Rxf4 b3 55. Rf7 Rxf7 56. exf7 Rf3 57. Rb1 g6 58. Rxb3 Rxf7 59.
Kg2 Rf4 60. Kg3 Rg4+ 61. Kh3 Kg7 62. Rf3 Rb4 63. Rf2 Rb3+ 64. Kh2 Kh6 65. Rg2
Rf3 66. Rg1 Kg7 67. Kg2 Rf4 68. Kh3 Kf6 69. Rg5 Rf3+ 70. Kg2 Rf5 71. Rg3 Rf4
72. Kh3 Rf5 1/2-1/2

[Event "Szachowe Lato Poznan 2011, OPEN"]
[Site "WSUS, Poznan"]
[Date "2011.??.22"]
[Round "7.21"]
[White "Zielewicz, Piotr"]
[Black "Raczynski, Krzysztof"]
[Result "1/2-1/2"]
[WhiteElo "1773"]
[BlackElo "1494"]
[PlyCount "92"]
[EventDate "2011.??.??"]

1. d4 Nf6 2. c4 e6 3. Nc3 Bb4 4. Qc2 Nc6 5. Nf3 b6 6. e4 d5 7. e5 Nd7 8. Bd2
Nf8 9. Rc1 dxc4 10. Qe4 Bb7 11. Bxc4 a6 12. a3 Na5 13. Qd3 Nxc4 14. Qxc4 Be7
15. Qe2 Rc8 16. Be3 b5 17. O-O g5 18. h3 h5 19. Nh2 Ng6 20. b4 Kf8 21. Rc2 f5
22. f3 Kf7 23. Qd3 Nxe5 24. Qe2 Nc4 25. Ra2 Nxe3 26. Qxe3 Bf6 27. Ne2 Bd5 28.
Rd2 Bc4 29. Re1 Qd7 30. Kh1 Rcd8 31. d5 Bxd5 32. Nc3 c6 33. Ne4 f4 34. Qb6 Ra8
35. Nxf6 Kxf6 36. Qd4+ Kf7 37. Re5 Qa7 38. Qc3 Rag8 39. Rxg5 Rxg5 40. Qxh8 Qe3
41. Qh7+ Rg7 42. Qxh5+ Ke7 43. Qh4+ Ke8 44. Qh8+ Kf7 45. Qh5+ Ke7 46. Qh4+ Ke8
1/2-1/2

[Event "Szachowe Lato Poznan 2011, OPEN"]
[Site "WSUS, Poznan"]
[Date "2011.??.??"]
[Round "7.22"]
[White "Hemmerling, Jaroslaw"]
[Black "Kaluzny, Jacek"]
[Result "1-0"]
[WhiteElo "1994"]
[BlackElo "1552"]
[PlyCount "81"]
[EventDate "2011.??.??"]

1. e4 c5 2. Nf3 Nc6 3. d4 cxd4 4. Nxd4 Nf6 5. Nc3 d6 6. g3 e6 7. Bg2 Be7 8. O-O
O-O 9. b3 a6 10. Bb2 Qc7 11. Nce2 Bd7 12. c4 Rac8 13. Rc1 Rfd8 14. Nc3 Qb6 15.
Nde2 Ne5 16. Qd2 Bc6 17. Rfd1 h6 18. Qd4 Qxd4 19. Nxd4 Rc7 20. Nd5 Nxd5 21.
cxd5 exd5 22. exd5 Rdc8 23. dxc6 bxc6 24. Bh3 Rd8 25. f4 Ng6 26. Rxc6 Ra7 27.
Nf5 Bf8 28. Nxd6 Ne7 29. Rcc1 Ng6 30. Nc8 Rxd1+ 31. Rxd1 Rc7 32. Rd8 Kh7 33.
Bf5 Bc5+ 34. Kg2 Bb4 35. a3 Bc5 36. Be5 Rb7 37. b4 Be3 38. Be4 Rb5 39. Nd6 Rb6
40. Nxf7 h5 41. Rh8# 1-0

[Event "Szachowe Lato Poznan 2011, OPEN"]
[Site "WSUS, Poznan"]
[Date "2011.??.??"]
[Round "7.30"]
[White "Pawlowski, Rafal"]
[Black "Jablonski, Grzegorz"]
[Result "1-0"]
[WhiteElo "1462"]
[BlackElo "1618"]
[PlyCount "81"]
[EventDate "2011.??.??"]

1. e4 d5 2. exd5 Qxd5 3. Nc3 Qa5 4. Be2 Nf6 5. Nf3 e6 6. O-O c6 7. d4 Be7 8.
Bg5 h6 9. Bh4 Qc7 10. Re1 O-O 11. Ne5 Nbd7 12. Bc4 Nxe5 13. dxe5 Nd5 14. Qg4
Nxc3 15. Bf6 Bxf6 16. exf6 g6 17. Qh4 Kh7 18. bxc3 Qa5 19. Re3 b5 20. Rh3 h5
21. Bd3 b4 22. g4 Rh8 23. cxb4 Qe5 24. Qxh5+ Qxh5 25. Rxh5+ Kg8 26. Rxh8+ Kxh8
27. f4 a5 28. c3 axb4 29. cxb4 Ra4 30. b5 e5 31. fxe5 Bxg4 32. Kf2 Ra8 33. Ke3
Re8 34. Kf4 Bh5 35. h3 Rd8 36. Be4 Rd4 37. Rc1 Rd2 38. Bxc6 Rh2 39. e6 Rf2+ 40.
Kg3 Rxf6 41. e7 1-0